| 000 | 00000nam##2200000za#4500 |
| 001 | 9.642540 |
| 003 | CaOODSP |
| 005 | 20210624223744 |
| 007 | cr ||||||||||| |
| 008 | 150407|2009||||xxc|||||o f|0| 0 fre|d |
| 040 | |aCaOODSP|bfre |
| 043 | |an-cn--- |
| 086 | 1 |aNH15-437/2009F-PDF |
| 110 | 2 |aSociété canadienne d'hypothèques et de logement. |
| 245 | 10|aL'adaptation de votre logement en fonction des besoins d'une personne atteinte de démence : |h[ressource électronique]|bun manuel de référence pour vivre chez soi et un guide pour l'adaptation des logements / |cChercheuse principale : Nancy Rushford. |
| 246 | 1 |aRapport de recherche - programme de subventions de recherche |
| 260 | |aOttawa - Ontario : |bSociété canadienne d'hypothèques et de logement |cc2009. |
| 300 | |a79p.|bréférences |
| 500 | |aLe n° de catalogue (NH15-437/2009F) et l'ISBN (978-100-91489-3) imprimés dans la publication électronique sont incorrects. |
| 590 | |a13-24-Supp|b2013-10-18 |
| 691 | 07|aHandicap intellectuel|2gcpds |
| 775 | 08|tAdapting your home to living with dementia : |w(CaOODSP)9.698533 |
| 856 | 40|ahttp://publications.gc.ca|qPDF|s630 Ko|uhttps://publications.gc.ca/collections/collection_2013/schl-cmhc/NH15-437-2009-fra.pdf |